| 000 | 00508nam a2200181Ia 4500 | ||
|---|---|---|---|
| 003 | GCL | ||
| 005 | 20240530101124.0 | ||
| 008 | 140319s9999 xx 000 0 eng d | ||
| 040 |
_aGCL / _cGCL |
||
| 082 | 0 | 4 |
_a297.124 _bJ M |
| 100 | 1 | _aJUYNBOLL, G.H.A. | |
| 245 | 1 | 0 |
_aMUSLIM TRADITION : STUDIES IN CHRONOLOGY, PROVENANCE AND AUTHORSHIP OF EARLY HADITH / _cJUYNBOLL, G.H.A. |
| 260 |
_a[S.N] : _bTime Life Films ، _c1983 |
||
| 300 | _a273 P | ||
| 650 | 0 | 4 | _aنجد |
| 650 | 0 | 4 | _aHADITH |
| 942 |
_2ddc _cBK |
||
| 999 |
_c24832 _d24832 |
||